Statistics for Largest Cities Syria

Click here to take the quiz!

General Stats

  • This quiz has been taken 35 times
  • The average score is 4 of 10

Answer Stats

% Correct
Damascus
100%
Aleppo
93%
Homs
62%
Hama
41%
Latakia
34%
Deir-ez-Zor
14%
Tartus
14%
Raqqah
10%
Al-Hasakah
10%
Qamishli
7%

Score Distribution

Percentile by Number Answered

Percent of People with Each Score

Your Score History

You have not taken this quiz